Možnosti financovania MaSP

Malé a stredné podniky v SR. Vymedzenie kategórie malých a stredných podnikov. Politika podpory a pomoci malým a stredným podnikom. Možnosti financovania malých a stredných podnikov. Získavanie kapitálu v malých a stredných podnikoch.

Enregistré dans:
Détails bibliographiques
Auteur principal: Zimerman, Ladislav
Format: Chapitre de livre
Langue:slovaque
Sujets:
Tags: Ajouter un tag
Pas de tags, Soyez le premier à ajouter un tag!

MARC

LEADER 00000nla$a2200000$$$4500
001 0116062
005 20221107085633.5
041 0 |a slo 
044 |a SK 
245 1 0 |a Možnosti financovania MaSP  |c Ladislav Zimerman 
520 |a Malé a stredné podniky v SR. Vymedzenie kategórie malých a stredných podnikov. Politika podpory a pomoci malým a stredným podnikom. Možnosti financovania malých a stredných podnikov. Získavanie kapitálu v malých a stredných podnikoch. 
610 2 0 |a podnik malý 
610 2 0 |a podnik stredný 
610 2 0 |a financovanie podnikov 
610 2 0 |a Slovensko 
100 1 |a Zimerman, Ladislav